000 00268nam a2200109Ia 4500
008 220204s9999 xx 000 0 und d
082 _a82-3MB
_bHUN
100 _aHunter, Elizabeth
245 4 _aThe Sycamore song
260 _aLondon
_bMills and Boon
_c1975
942 _cBK
999 _c33163
_d33163